| 000 | 01018nam a22002417a 4500 | ||
|---|---|---|---|
| 003 | OSt | ||
| 005 | 20151026133603.0 | ||
| 008 | 130718s2011 sp ||||| |||| 00| 0 spa d | ||
| 040 | _cCDMR | ||
| 100 | 1 |
_93989 _aIranzo Montés, Luis Amador |
|
| 245 | 1 | 3 |
_aEl papel de la prensa diaria durante la transición a la democracia en Valencia (1976-1982) _cLuis Amador Iranzo Montés ; Andreu Martínez Gallego, Xavier Giró (directors) _h[recurs electrònic] |
| 260 |
_aValencia _c2011 |
||
| 300 | _a715 p. | ||
| 502 |
_aTesi defensada el 18 de novembre de 2011, _cUniversitat de València. Departament de Teoria dels Llenguatges |
||
| 650 | 0 | 4 |
_93703 _aEspanya _xHistòria _y1975-1982, Transició |
| 650 | 0 | 4 |
_93311 _aPremsa _zComunitat Valenciana |
| 650 | 0 | 4 |
_92994 _aTesis i dissertacions acadèmiques |
| 700 | 1 |
_93990 _aMartínez Gallego, Andreu |
|
| 700 | 1 |
_9415 _aGiró, Xavier |
|
| 710 | 2 |
_92837 _aUniversitat de València |
|
| 856 | 4 | 0 |
_uhttp://hdl.handle.net/10803/81883 _yDisponible en línia (TDX) |
| 942 |
_2udc _cTSN-E |
||
| 999 |
_c6613 _d6613 |
||